| 000 | 01161nam2a22002531 4500 | ||
|---|---|---|---|
| 001 | rc\974309 | ||
| 005 | 20041129100938.9 | ||
| 021 |
_aRU _bКН-П-19-094876 _9КН-П-19-6953 |
||
| 035 | _a(NLR Aleph) 006245602 | ||
| 090 |
_a6705912 _c6705912 |
||
| 100 | _a20041129d1982 u y0rusy50 ca | ||
| 101 | 0 | _arus | |
| 102 | _aRU | ||
| 105 | _ay ||||||||| | ||
| 200 | 1 |
_aОперативная травматология (1923-1980 гг.) _f[Составители Г.А. Паршина, Н.Н. Мусатова] |
|
| 210 | _d1982 | ||
| 215 | _a137 с. | ||
| 461 | 0 |
_1001rc\974308 _12001#$aБиблиография работ сотрудников Института$fМоск. НИИ им. Н.В. Склифосовского$vЧ. 2 _96705905 _aМосковский НИИ скорой помощи им. Склифосовского _cМ. _d1982- _fМоск. НИИ им. Н.В. Склифосовского _nБ. и. _tБиблиография работ сотрудников Института _vЧ. 2 |
|
| 702 | 1 |
_aПаршина _bГ.А. _4220 |
|
| 801 | 0 |
_aRU _bNLR _gpsbo |
|
| 801 | 1 |
_aRU _bELAR _2rusmarc |
|
| 852 |
_aNLR _bС _jК-1/1384 |
||
| 942 | _cBOOK | ||
| 980 | _aNB | ||